| 000 | 01070nam a22002897a 4500 | ||
|---|---|---|---|
| 005 | 20240530110353.0 | ||
| 008 | 141229s2009 ua odf f b 000 0 ara d | ||
| 017 |
_a4668 _bمصر . دار الكتب المصرية |
||
| 020 | _a977052605 | ||
| 040 | _aEG-CaGPL | ||
| 041 | 0 | _aara | |
| 082 | 0 | 4 |
_221 _a727.6\ _bأ ج |
| 100 | 0 | _aايمن نبيه سعد الله | |
| 245 | 1 | 0 |
_aجماليات عمارة المتاحف المصرية / _cاعداد ايمن نبيه سعد الله |
| 250 | _aط 1 | ||
| 260 |
_aالقاهرة : _bمكتبة الانجلو المصرية ، _c2009 |
||
| 300 |
_a340 ص : _bايض ؛ _c24 سم |
||
| 504 | _aببليوجرافية : ص 275 - 280 | ||
| 650 | 0 | 4 |
_aالمتاحف _xمبانى |
| 650 | 0 | 4 |
_aالمتحف المصرى _zالقاهرة |
| 650 | 0 | 4 |
_aمتحف النوبة _zاسوان |
| 650 | 0 | 4 |
_aالمتحف الاسلامى _zالقاهرة |
| 650 | 0 | 4 |
_aالمتحف القبطى _xالقاهرة |
| 651 | 0 | 4 |
_aمصر _xالمتاحف |
| 942 |
_2ddc _cBK |
||
| 999 |
_c60112 _d60112 |
||